| 000 | 00388nam a22001697a 4500 | ||
|---|---|---|---|
| 003 | OSt | ||
| 005 | 20250228153736.0 | ||
| 007 | 1288 pages | ||
| 008 | 250228b |||||||| |||| 00| 0 eng d | ||
| 020 | _a9789356063570 | ||
| 040 | _c | ||
| 082 |
_24 _a006.3 _bRUS |
||
| 245 |
_aArtificial Intelligence _cRussell,Norvig |
||
| 250 | _a4 | ||
| 260 |
_bPearson _c2025 |
||
| 942 |
_2ddc _cBK _e4 _n0 |
||
| 999 |
_c36176 _d36176 |
||